| 000 | 00506nam a2200145 4500 | ||
|---|---|---|---|
| 008 | 240624b |||||||| |||| 00| 0 eng d | ||
| 040 |
_aNational Science Library _cNational Science Library |
||
| 080 |
_a338:58+59+(54) _bJ6 |
||
| 245 |
_aLand and crops of Nepal Himalaya: _bScientific results of the Japanese expeditions to Nepal Himalaya 1952-1953 |
||
| 260 |
_aKyoto: _bFauna and Flora Research Society, _c1956 |
||
| 300 | _ax, 529p. | ||
| 500 | _aVol. 2 | ||
| 700 | _aKihara, H (Ed.) | ||
| 942 |
_2udc _cBK |
||
| 999 |
_c63634 _d63634 |
||